| 000 | 00452nam a22001577a 4500 | ||
|---|---|---|---|
| 005 | 20151207150734.0 | ||
| 008 | 151207b xxu||||| |||| 00| 0 eng d | ||
| 020 | _a969848311X | ||
| 040 | _cPK-LaUMT | ||
| 082 |
_aMSC 801.95 _bPAR-U |
||
| 100 | _aپروین کلو | ||
| 245 |
_aاردو فکشن پرروسی ادب کے اثرات _cپروین کلو |
||
| 260 |
_aلاہور _bنیشنل پبلیکیشنز _c2011 |
||
| 300 | _a640 ص | ||
| 942 | _cBK | ||
| 999 |
_c80653 _d80653 |
||